| Tag |
First Indicator |
Second Indicator |
Subfields |
| LEADER |
00000cam a2200000 a 4500 |
| 001 |
in00000014737 |
| 005 |
20151007052856.0 |
| 008 |
870502s1987 it ab bc 00110 eng d |
| 035 |
|
|
|a (OCoLC)15621519
|
| 035 |
|
|
|9 AAA9533AM
|
| 040 |
|
|
|a YKM
|c YKM
|d m/c
|d AAA
|d OCL
|d TXA
|d UtOrBLW
|
| 049 |
|
|
|a TXAM
|c [A11049632]
|
| 050 |
|
4 |
|a NK5107
|b .H36 1987
|
| 100 |
1 |
|
|a Harden, Donald B.
|q (Donald Benjamin)
|
| 245 |
1 |
0 |
|a Glass of the Caesars /
|c by Donald B. Harden [and others].
|
| 264 |
|
1 |
|a Milan :
|b Olivetti,
|c 1987.
|
| 300 |
|
|
|a xv, 313 pages :
|b color illustrations, maps ;
|c 26 cm.
|
| 336 |
|
|
|a text
|b txt
|2 rdacontent
|
| 337 |
|
|
|a unmediated
|b n
|2 rdamedia
|
| 338 |
|
|
|a volume
|b nc
|2 rdacarrier
|
| 500 |
|
|
|a Published in connection with an exhibition at The Corning Museum of Glass, Corning, NY; The British Museum, London; and the Römisch- Germanisches Museum, Cologne, with support by Olivetti.
|
| 504 |
|
|
|a Bibliography: pages 288-301.
|
| 500 |
|
|
|a Includes indexes.
|
| 650 |
|
0 |
|a Glassware
|z Rome
|x Exhibitions
|x Catalogs.
|
| 710 |
2 |
|
|a Corning Museum of Glass.
|
| 710 |
2 |
|
|a British Museum.
|
| 710 |
2 |
|
|a Römisch-Germanisches Museum (Cologne, Germany)
|
| 999 |
|
|
|a MARS
|
| 999 |
f |
f |
|s 13ff0d47-54ba-3a97-ba79-d9f974fb88f8
|i ec6be59b-baac-3787-88f1-ce7e937c4e2a
|t 0
|
| 952 |
f |
f |
|p normal
|a Texas A&M University
|b College Station
|c Sterling C. Evans Library
|d Evans: Library Stacks
|t 0
|e NK5107 .H36 1987
|h Library of Congress classification
|i unmediated -- volume
|m A14811049632
|
| 952 |
f |
f |
|p noncirc
|a Texas A&M University
|b College Station
|c Sterling C. Evans Library
|d Bodrum (located in Turkey)
|t 0
|e NK5107 .H36 1987
|h Library of Congress classification
|i unmediated -- volume
|
| 998 |
f |
f |
|a NK5107 .H36 1987
|t 0
|l Evans: Library Stacks
|
| 998 |
f |
f |
|a NK5107 .H36 1987
|t 0
|l Bodrum (located in Turkey)
|